Normal view
MARC view
- اللغة العربية - مؤتمرات
Entry Topical Term
001 - CONTROL NUMBER
- control field: 56870
003 - CONTROL NUMBER IDENTIFIER
- control field: JO-AjAnu
005 - DATE AND TIME OF LATEST TRANSACTION
- control field: 20230606083321.0
008 - FIXED-LENGTH DATA ELEMENTS
- fixed length control field: 230606|| aca||aabn | a|a d
040 ## - CATALOGING SOURCE
- Original cataloging agency: JO-AjAnu
- Transcribing agency: JO-AjAnu
150 ## - HEADING--TOPICAL TERM
- Topical term or geographic name entry element: اللغة العربية - مؤتمرات
670 ## - SOURCE DATA FOUND
- Source citation: Work cat.: (JO-AjAnu)29019: مجمع اللغة العربية الأردني, author 56869, الموسم الثقافي الرابع والثلاثون لمجمع اللغة العربية الأردني/ اللغة العربية في التعليم 8-9 صفر 1438هـ 8-9تشرين الثاني 2016م